000 01614cam a2200241 4500
001 L136504
008 070205n2007 000 0 eng u
035 _a(Sirsi) u136504
041 0 _aeng
050 _a306.1094 $2 18
100 1 _aBall, Michael
245 0 0 _aRICS European housing review 2007
_h[electronic resource]
260 _aLondon
_bRICS
_c2007
490 0 _aRICS European Housing Review
_v2007
520 _aLooks at the performance of European housing markets in 2006, analysing trends across the continent in areas such as inflation, building activity, mortgage markets and turnover. Amongst the key trends it was found that: Europe's housing markets did not cool in 2006 after interest rate rises; the majority were still experiencing double-digit house price inflation; transactions and mortgage borrowing were strongly up through most of Europe; the European Central Bank's interest rate rises have not been fully passed on in higher mortgage rates and seem to be having limited impact on housing markets; and the rate of house inflation fell somewhat in France and Spain but rose in Ireland and the UK. The publication is also published in Dutch, French, German, Italian and Spanish.
590 _aKA NTK
650 2 4 _aRICS EUROPEAN HOUSING REVIEW
651 4 _aEurope
690 _aPROPERTY-RESIDENTIAL PROPERTY-RESIDENTIAL PROPERTY MARKET
710 2 _aRoyal Institution of Chartered Surveyors
_bPublic Affairs
_94679
856 4 0 _uhttps://www.rics.org/site/download_feed.aspx?fileID=1315&fileExtension=PDF
_zView the report free of charge on the www.rics.org website.
942 _n0
999 _c106413
_d106413